000 00822nam a2200229Ii 4500
003 JO-AjNU
008 230605s9999||||xx |||||||||||||| ||und||
017 _a2012/12/4862
020 _a978-9957-33-320
040 _aJO-AjNU
_bara
_erda
_cJO-AjNU
041 _aara
050 1 4 _aHF 5625. J3796 2013
100 3 _aجربوع، يوسف محمود,
_eauthor
_945674
245 0 0 _aنظرية المحاسبة: الفروض-المفاهيم-المبادىء-المعايير
250 _aط1
264 3 1 _aعمان:مؤسسة الوراق للنشر والتوزيع،2013
300 _a360ص
_bيحتوي على ببلوغرافية من ص351-360ص
336 _atext
_btxt
_2rdacontent
337 _aunmediated
_bn
_2rdamedia
338 _avolume
_bnc
_2rdacarrier
650 4 _aالمحاسة المالية
_945675
999 _aA19816
_c23384
_d23384